000 00753nam a22002537a 4500
003 UA-OsUOA
001 76060
007 ta
008 20110615b un ||||| |||| 00| 0 ukr d
100 _aВнукова Н.М.
700 _aКузьминчук Н.В.
090 _a369(075.8)
_bВ60
942 _cBK
040 _aUA-OsUOA
_bukr
_cUA-OsUOA
_dUA-OsUOA
245 _aСоціальне страхування
_bнавчальний посібник
300 _a352 с.
955 _a2
041 _aukr
080 _a369(075.8)
020 _a966-351-041-2
260 _aК.
_bКондор
_c2009
650 7 _a36 Забезпечення духовних та матеріальних життєвих потреб
_2UDC
999 _c362348
_d362348